000 00610cam a22002173a 4500
001 41522
003 PGUSA
005 20140828083934.0
008 121201s2012||||xxu|||||s|||||000 | eng d
040 _aPGUSA
_beng
042 _adc
100 1 _aDaiber, Albert
245 1 0 _aDie Weltensegler. Drei Jahre auf dem Mars.
_h[electronic resource] /
_cAlbert Daiber
260 _bProject Gutenberg,
_c2012
506 _aPublic domain in the USA.
516 _aElectronic text
700 1 _aBergen, Fritz
830 0 _aProject Gutenberg
_v41522
856 4 0 _uhttp://www.gutenberg.org/ebooks/41522
942 _cEB
999 _c270774
_d270774